Maoism and its policy of splitting the national liberation movement / (Record no. 63898)
[ view plain ]
| 000 -LEADER | |
|---|---|
| fixed length control field | 01063nam a2200289 a 4500 |
| 001 - CONTROL NUMBER | |
| control field | 63898 |
| 003 - CONTROL NUMBER IDENTIFIER | |
| rucl marc code | BD-RjUL |
| 005 - DATE AND TIME OF LATEST TRANSACTION | |
| control field | 20211209081242.0 |
| 008 - FIXED-LENGTH DATA ELEMENTS--GENERAL INFORMATION | |
| fixed length control field | 720713s1970 ru b 000 0 eng |
| 035 ## - SYSTEM CONTROL NUMBER | |
| System control number | (BD-RjUL)64028 |
| 040 ## - CATALOGING SOURCE | |
| Original cataloging agency | DLC |
| Transcribing agency | DLC |
| Modifying agency | DLC |
| Language of cataloging | eng |
| 041 1# - LANGUAGE CODE | |
| Language code of text/sound track or separate title | eng |
| Language code of original | rus |
| 082 00 - DEWEY DECIMAL CLASSIFICATION NUMBER | |
| Classification number | 320.95105 |
| Author mark and year | BOM 1970 |
| 100 1# - MAIN ENTRY--PERSONAL NAME | |
| Personal name | Bogush, Evgeniĭ I︠U︡lʹevich. |
| 9 (RLIN) | 189744 |
| 245 10 - TITLE STATEMENT | |
| Title | Maoism and its policy of splitting the national liberation movement / |
| Statement of responsibility, etc. | [by] Y. Bogush. [Translated from the Russian by G. Ivanov-Mumjiev] |
| 260 ## - PUBLICATION, DISTRIBUTION, ETC. (IMPRINT) | |
| Place of publication, distribution, etc. | Moscow : |
| Name of publisher, distributor, etc. | Progress Publishers, |
| Date of publication, distribution, etc. | 1970 |
| 300 ## - PHYSICAL DESCRIPTION | |
| Pagination | 123 p. ; |
| Size | 18 cm. |
| 350 ## - PRICE (NR) (BK AM CF MU VM SE) [OBSOLETE] | |
| Price | 0.34rub |
| 500 ## - GENERAL NOTE | |
| General note | Translation of: Maoizm i politika raskola v nat︠s︡ionalʹno-osvoboditelʹnom dvizhenii. |
| 504 ## - BIBLIOGRAPHY, ETC. NOTE | |
| Bibliography, etc | Includes bibliographical references. |
| 600 10 - SUBJECT ADDED ENTRY--PERSONAL NAME | |
| Personal name | Mao, Zedong, |
| Dates associated with a name | 1893-1976. |
| 650 #0 - SUBJECT ADDED ENTRY--TOPICAL TERM | |
| Topical term or geographic name as entry element | Communism |
| Geographic subdivision | China. |
| 9 (RLIN) | 189745 |
| 942 ## - ADDED ENTRY ELEMENTS (KOHA) | |
| Source of classification or shelving scheme | Dewey Decimal Classification |
| Koha item type | Books |
| 987 ## - LOCAL ROMANIZATION/CONVERSION HISTORY (OCLC) | |
| Romanization/conversion identifier | PINYIN |
| Agency that converted, created or reviewed | DLC |
| Date of conversion or review | 20020626 |
| Status code | c |
| Lost status | Source of classification or shelving scheme | Damaged status | Not for loan | Collection code | Permanent Location | Current Location | Shelving location | Date acquired | Source of acquisition | Total Checkouts | Full call number | Date last seen | Copy number | Koha item type |
|---|---|---|---|---|---|---|---|---|---|---|---|---|---|---|
| Dewey Decimal Classification | Not For Loan | Non-fiction | Central Library, University of Rajshahi | Central Library, University of Rajshahi | Reading Room | 28/10/1990 | Sawkat Osman, Dhaka | 320.95105 BOM 1970 | 05/02/2017 | C-1 | Books |